Challenges for rubber price and marketing (Record no. 55294)

MARC details
000 -LEADER
fixed length control field 00489nam a2200157Ia 4500
100 ## - MAIN ENTRY--AUTHOR NAME
Personal name Kerdvongbundit P
245 #0 - TITLE STATEMENT
Title Challenges for rubber price and marketing
260 ## - PUBLICATION, DISTRIBUTION, ETC. (IMPRINT)
Name of publisher IRRDB Symposium: Challenges for Natural Rubber in Globalization, 15-17 September 2003, Ching Mai, Thailand
650 ## - SUBJECT ADDED ENTRY--TOPICAL TERM
Topical Term NR price
650 ## - SUBJECT ADDED ENTRY--TOPICAL TERM
Topical Term Rubber marketing
700 ## - ADDED ENTRY--PERSONAL NAME
Personal name Arunoprayote S
700 ## - ADDED ENTRY--PERSONAL NAME
Personal name Thainugul W
700 ## - ADDED ENTRY--PERSONAL NAME
Personal name Udomjarumani S
942 ## - ADDED ENTRY ELEMENTS (KOHA)
Koha item type Journals
Holdings
Withdrawn status Lost status Damaged status Not for loan Home library Current library Shelving location Date acquired Koha item type
      Journals RRII Library RRII Library Agricultural economics 17/12/2021 Journals